| 000 | 00379nam a22001697a 4500 | ||
|---|---|---|---|
| 020 | _a81-219-0812-4 | ||
| 082 |
_a542 _bPAN/P |
||
| 100 | _aPANDEY, O P | ||
| 100 | _aBAJPAI, D N | ||
| 100 | _aGIRI, S | ||
| 245 | _aPRACTICAL CHEMISTRY | ||
| 250 | _aREPRINT | ||
| 260 |
_aDELHI _bS.CHAND & COMPANY _c2004 |
||
| 300 | _a258 | ||
| 650 |
_aCHEMISTRY REFERENCE _zINDIA |
||
| 942 | _cBK | ||
| 999 |
_c1514 _d1514 |
||